| 000 | 00574nam a2200217Ia 4500 | ||
|---|---|---|---|
| 003 | BUBTL | ||
| 008 | 151213s9999 xx 000 0 und d | ||
| 020 | _a81-7002-013-1 | ||
| 082 | _a346/ALM | ||
| 100 |
_a Ali, Syed Ameer _94174 |
||
| 245 |
_aMohammedan Law (vol-ii) _b` _cSyed Ameer Ali |
||
| 250 | _a5th | ||
| 260 |
_aNew Delhi _bHimalay Books _cc1985 |
||
| 300 |
_a[xxvi , 580p . : _c22 cm . |
||
| 650 | _aLaw | ||
| 650 |
_aLaw _94177 |
||
| 700 |
_aSyed Ameer Ali _94176 |
||
| 856 |
_k0 _l0 _yDownload |
||
| 942 |
_2ddc _cBK |
||
| 999 |
_c2437 _d2437 |
||